| 000 | 00778nam a2200241 i 4500 | ||
|---|---|---|---|
| 001 | bg | ||
| 100 | 1 | _aDawidowicz, Dawid. | |
| 245 | 1 | 0 |
_aFundusze inwestycyjne : _brodzaje, typy, metody pomiaru i ocena efektywności / _cDawid Dawidowicz. |
| 260 |
_aWarszawa : _bCeDeWu, _c2008. |
||
| 300 |
_a215 s. : _bil. ; _c24 cm. |
||
| 504 | _aBibliogr. s. 195-204. | ||
| 650 | 9 |
_aFundusz powierniczy _zPolska _yod 1989 r. |
|
| 655 | _aPodręczniki akademickie | ||
| 020 | _a9788375560756 | ||
| 040 | _cBPK | ||
| 041 | _apol | ||
| 044 | _aPOL | ||
| 080 | _a336.722.8:336.767](438)"1989/..."(075.8) | ||
| 920 | _a978-83-7556-075-6 | ||
| 942 | _cKS | ||
| 008 | 090717s2008 pl a |001 0 pol | ||
| 999 |
_c56520 _d56520 |
||
| 856 |
_uhttp://koha.tu.koszalin.pl/cgi-bin/koha/opac-detail.pl?biblionumber=56520 _yKatalog online BPK |
||